[Event "World Rapid 2025"]
[Site "Doha QAT"]
[Date "2025.12.26"]
[Round "4.53"]
[White "Bai, Jinshi"]
[Black "Siddharth, Jagadeesh"]
[Result "1/2-1/2"]
[WhiteTitle "GM"]
[BlackTitle "GM"]
[WhiteElo "2599"]
[BlackElo "2489"]
[WhiteFideId "8602280"]
[BlackFideId "5818320"]
[EventDate "2025.12.26"]
[EventType "rapid"]

1. Nf3 d5 2. g3 Bg4 3. Bg2 c6 4. O-O e6 5. h3 Bh5 6. c4 Nf6 7. d4 Be7 8. Nc3 O-O
9. Ne5 Nbd7 10. f4 dxc4 11. g4 Bg6 12. e4 Nxe5 13. dxe5 Nd7 14. Be3 Bc5 15. Bxc5
Nxc5 16. Qxd8 Rfxd8 17. f5 Nd3 18. b3 Nxe5 19. Rfd1 f6 20. fxg6 hxg6 21. Bf1 b5
22. bxc4 bxc4 23. Kf2 Kf7 24. Ke3 Ke7 25. Rab1 Rdb8 26. Rxb8 Rxb8 27. Rb1 Rb6
28. g5 Kd6 29. Rd1+ Ke7 30. Be2 Rb2 31. Rb1 Rc2 32. Rb7+ Kd6 33. Nb1 c3 34. gxf6
gxf6 35. Rb3 Rxa2 36. Nxc3 Ra1 37. Rb1 Ra3 38. Kd2 Kc5 39. h4 Kd4 40. Rb4+ Kc5
41. Rb8 a5 42. Re8 Kd4 43. Rd8+ Kc5 44. Re8 Kd4 45. Rd8+ Kc5 1/2-1/2

[Event "World Rapid 2025"]
[Site "Doha QAT"]
[Date "2025.12.26"]
[Round "4.54"]
[White "Piliposyan, Robert"]
[Black "Hong, Andrew"]
[Result "0-1"]
[WhiteTitle "IM"]
[BlackTitle "GM"]
[WhiteElo "2442"]
[BlackElo "2568"]
[WhiteFideId "13309978"]
[BlackFideId "2099438"]
[EventDate "2025.12.26"]
[EventType "rapid"]

1. d4 Nf6 2. c4 e6 3. Nc3 d5 4. cxd5 exd5 5. Bg5 Be7 6. e3 h6 7. Bh4 O-O 8. Bd3
Re8 9. Nge2 c6 10. O-O Nbd7 11. a4 Nh5 12. Bxe7 Qxe7 13. a5 Ndf6 14. Nc1 g6 15.
h3 Ng7 16. Re1 Rb8 17. Bc2 Bf5 18. Bxf5 Nxf5 19. Nd3 Nd6 20. Ne5 Nd7 21. Nd3 h5
22. a6 b6 23. Qf3 Ne4 24. Rec1 Rbc8 25. Rc2 Ndf6 26. Rac1 c5 27. Nf4 Nxc3 28.
Rxc3 Qd6 29. dxc5 bxc5 30. Rd1 d4 31. exd4 cxd4 32. Rxc8 Rxc8 33. Ne2 Qxa6 34.
Nxd4 Rd8 35. Nc2 Rb8 36. Qc3 Qb6 37. Qa3 Ne4 38. Qf3 Ng5 39. Qc3 Kh7 40. Qe5
Qxb2 41. Nd4 Ne6 42. Qd6 Rd8 43. Qe7 Rxd4 44. Qxf7+ Ng7 45. Re1 Qd2 46. Rb1 a5
47. Qa7 a4 48. g3 Qa2 49. Rb7 Rd1+ 50. Kh2 Qa1 51. Re7 Qd4 52. Kg2 Qd5+ 0-1

[Event "World Rapid 2025"]
[Site "Doha QAT"]
[Date "2025.12.26"]
[Round "4.55"]
[White "Krallis, Christos"]
[Black "Shimanov, Aleksandr"]
[Result "0-1"]
[WhiteTitle "IM"]
[BlackTitle "GM"]
[WhiteElo "2416"]
[BlackElo "2578"]
[WhiteFideId "4298896"]
[BlackFideId "4198603"]
[EventDate "2025.12.26"]
[EventType "rapid"]

1. e4 c6 2. d4 d5 3. Nc3 dxe4 4. Nxe4 Nf6 5. Nxf6+ exf6 6. c3 a5 7. Bd3 Na6 8.
Ne2 g6 9. O-O Bg7 10. Bf4 O-O 11. Qd2 Nc7 12. Bh6 f5 13. Bxg7 Kxg7 14. Nf4 Qf6
15. Rfe1 Rd8 16. Re5 Be6 17. Qe2 Bd5 18. Rxf5 Qd6 19. Re5 Re8 20. c4 Be6 21. Qe3
Rad8 22. Qg3 Qxd4 23. Rae1 Bc8 24. Nh5+ Kf8 25. Qg5 Ne6 26. Qh6+ Ke7 27. Nf4 Kd6
28. R5e4 Qf6 29. Nh5 Qxb2 30. Rb1 Qc3 31. Nf4 Kc7 32. Qxh7 Qf6 33. Qh6 Nc5 34.
Nh5 Qd6 35. Rxe8 Rxe8 36. Ng7 Rg8 37. Bf1 Qe5 38. Qd2 Rxg7 39. Qxa5+ Kb8 40. Re1
Qd6 41. Re8 f5 42. Qc3 Rc7 43. h4 Ne4 44. Qe3 Re7 45. Rxe7 Qxe7 46. f3 Qc5 47.
Qxc5 Nxc5 48. Kf2 Kc7 49. Be2 Kd6 50. g4 Ke5 51. h5 gxh5 52. gxh5 f4 53. h6 Kf6
54. Ke1 Kg6 55. Kd2 Kxh6 56. Kc3 Ne6 57. Bf1 Kg5 58. Kd3 0-1

[Event "World Rapid 2025"]
[Site "Doha QAT"]
[Date "2025.12.26"]
[Round "4.56"]
[White "Abdusattorov, Nodirbek"]
[Black "Drygalov, Sergey"]
[Result "1-0"]
[WhiteTitle "GM"]
[BlackTitle "GM"]
[WhiteElo "2732"]
[BlackElo "2571"]
[WhiteFideId "14204118"]
[BlackFideId "24171743"]
[EventDate "2025.12.26"]
[EventType "rapid"]

1. e4 c5 2. Nf3 d6 3. Bb5+ Nd7 4. c4 Nf6 5. Nc3 g6 6. O-O Bg7 7. d3 O-O 8. Ba4
e6 9. d4 cxd4 10. Nxd4 a6 11. Be3 Ne5 12. Qe2 Bd7 13. Bxd7 Nexd7 14. Rfd1 Rc8
15. Rac1 Ne5 16. b3 Qa5 17. Bd2 Qb6 18. Nc2 Qc7 19. h3 Rfe8 20. Nd4 Qb6 21. Be3
Qa5 22. Qd2 Ned7 23. Nde2 Nc5 24. f3 Red8 25. Bg5 Ncd7 26. Be3 Ne5 27. Qe1 b5
28. Qf2 Rb8 29. cxb5 axb5 30. Nd4 Rdc8 31. Qd2 b4 32. Ncb5 Rxc1 33. Rxc1 d5 34.
a4 dxe4 35. f4 Nd3 36. Nc6 Qa8 37. Nxb8 Qxb8 38. Rc4 h5 39. Qc2 Qb7 40. Rc8+ Bf8
41. Qc6 Qxc6 42. Rxc6 Nd5 43. a5 Nxe3 44. a6 Nd5 45. a7 e3 46. Nd4 N5xf4 47. Kf1
e5 48. Ne2 Nxe2 49. Kxe2 Nf4+ 50. Kxe3 1-0

[Event "World Rapid 2025"]
[Site "Doha QAT"]
[Date "2025.12.26"]
[Round "4.57"]
[White "Mendonca, Leon Luke"]
[Black "Dubov, Daniil"]
[Result "0-1"]
[WhiteTitle "GM"]
[BlackTitle "GM"]
[WhiteElo "2615"]
[BlackElo "2672"]
[WhiteFideId "35028561"]
[BlackFideId "24126055"]
[EventDate "2025.12.26"]
[EventType "rapid"]

1. d4 d5 2. Nf3 Nf6 3. c3 g6 4. Bf4 Bg7 5. e3 O-O 6. Nbd2 b6 7. h4 h5 8. Ne5 Be6
9. Bd3 c5 10. Ndf3 Qc8 11. Ng5 Bf5 12. O-O Bxd3 13. Qxd3 Nc6 14. Rfd1 Qb7 15.
Nexf7 Rxf7 16. Qxg6 e6 17. Be5 Qd7 18. Nxf7 Qxf7 19. Qxf7+ Kxf7 20. Bxf6 Bxf6
21. g3 Rb8 22. Rab1 Be7 23. Kf1 b5 24. Ke2 a5 25. b3 Rc8 26. Rbc1 cxd4 27. exd4
Ba3 28. Rb1 Ne7 29. Kd3 Nf5 30. Rd2 Bf8 31. Rc2 Nd6 32. a4 bxa4 33. bxa4 Rc4 34.
Ra2 Ne4 35. Rc1 Bb4 36. Rac2 Be7 37. Ra1 Bd6 38. Raa2 e5 39. Ra1 Ke6 40. Raa2
Be7 41. Rab2 Rxa4 42. Rb6+ Bd6 43. Rb7 Ra3 44. Rh7 Nf6 45. Rh8 a4 46. dxe5 Bxe5
47. f4 Bd6 48. Kd4 Ra1 49. Rd2 a3 50. Rd8 Bc5+ 51. Kd3 Rg1 52. Kc2 a2 0-1

[Event "World Rapid 2025"]
[Site "Doha QAT"]
[Date "2025.12.26"]
[Round "4.58"]
[White "Maghsoodloo, Parham"]
[Black "Rodrigue-Lemieux, Shawn"]
[Result "1-0"]
[WhiteTitle "GM"]
[BlackTitle "GM"]
[WhiteElo "2708"]
[BlackElo "2517"]
[WhiteFideId "12539929"]
[BlackFideId "2620049"]
[EventDate "2025.12.26"]
[EventType "rapid"]

1. c4 e6 2. Nc3 d5 3. d4 a6 4. cxd5 exd5 5. Nf3 c6 6. Qb3 Nf6 7. Bg5 Be7 8. e3
h6 9. Bf4 O-O 10. Bd3 Nbd7 11. O-O b5 12. Rac1 Bb7 13. Bb1 c5 14. dxc5 Nxc5 15.
Qd1 Rc8 16. Bf5 Ne6 17. Nd4 Qb6 18. Be5 Rfd8 19. Nxe6 fxe6 20. Bh3 Rc4 21. Ne2
Bc8 22. b3 Rxc1 23. Qxc1 Bd6 24. Qb2 Bxe5 25. Qxe5 Qd6 26. f4 Qxe5 27. fxe5 Ne4
28. Rc1 Ng5 29. Bg4 Bd7 30. Rc7 Nf7 31. Nd4 Nxe5 32. Bxe6+ Bxe6 33. Nxe6 Rd7 34.
Rxd7 Nxd7 35. Nc7 Nc5 36. b4 Ne4 37. Nxa6 Kf7 38. a3 Ke7 39. Kf1 Kd6 40. Ke2 Kc6
41. Kd3 Kb6 42. Nc5 Nxc5+ 43. bxc5+ Kxc5 44. h4 h5 45. Kc3 Kc6 46. Kd4 Kd6 47.
g3 g6 48. e4 dxe4 49. Kxe4 Kc5 50. Ke5 Kc4 51. Kd6 Kd4 52. Kc6 Kc4 53. Kb6 b4
54. axb4 Kxb4 55. Kc6 Kc4 56. Kd6 Kd4 57. Ke6 Ke4 58. Kf6 Kf3 59. Kxg6 Kg4 60.
Kh6 1-0

[Event "World Rapid 2025"]
[Site "Doha QAT"]
[Date "2025.12.26"]
[Round "4.59"]
[White "Wojtaszek, Radoslaw"]
[Black "Dudin, Gleb"]
[Result "0-1"]
[WhiteTitle "GM"]
[BlackTitle "GM"]
[WhiteElo "2667"]
[BlackElo "2585"]
[WhiteFideId "1118358"]
[BlackFideId "34184934"]
[EventDate "2025.12.26"]
[EventType "rapid"]

1. d4 Nf6 2. c4 e6 3. Nf3 d5 4. Nc3 Nbd7 5. cxd5 exd5 6. Bg5 c6 7. Qc2 Be7 8. e3
O-O 9. Bd3 h6 10. Bh4 Re8 11. O-O Ne4 12. Bxe4 Bxh4 13. Bh7+ Kf8 14. Nxh4 Qxh4
15. Bd3 Nb6 16. b4 Qe7 17. Rab1 Be6 18. Ne2 Nc4 19. Qc3 b5 20. Nf4 a5 21. a3
axb4 22. axb4 Ra3 23. Qc1 Rea8 24. Bc2 Qf6 25. Rb3 Ra2 26. Bb1 Ra1 27. Qc2 Bf5
28. Qc3 Bxb1 29. Rbxb1 R1a2 30. Rfd1 Qf5 31. Qe1 R8a3 32. Ra1 Nb2 33. Rxa2 Rxa2
34. Ra1 Rxa1 35. Qxa1 Qc2 36. Qa8+ Ke7 37. h3 g5 38. Qb7+ Kf6 39. Nh5+ 0-1

[Event "World Rapid 2025"]
[Site "Doha QAT"]
[Date "2025.12.26"]
[Round "4.60"]
[White "Grandelius, Nils"]
[Black "Samadov, Read"]
[Result "1/2-1/2"]
[WhiteTitle "GM"]
[BlackTitle "IM"]
[WhiteElo "2664"]
[BlackElo "2510"]
[WhiteFideId "1710400"]
[BlackFideId "13417444"]
[EventDate "2025.12.26"]
[EventType "rapid"]

1. c4 e5 2. Nc3 Bb4 3. Nd5 a5 4. Nf3 d6 5. a3 Bc5 6. e3 c6 7. Nc3 Nd7 8. d4 Ba7
9. dxe5 dxe5 10. b4 Ngf6 11. Bd3 O-O 12. O-O Re8 13. Qc2 Qe7 14. Nd2 Bb8 15. Rb1
axb4 16. axb4 Nf8 17. c5 Ng6 18. Nce4 Nxe4 19. Nxe4 f5 20. Nd6 Bxd6 21. cxd6
Qxd6 22. Bxf5 Bxf5 23. Qxf5 Nh4 24. Qe4 Qg6 25. Qxg6 Nxg6 26. e4 Nf4 27. Bxf4
exf4 28. f3 Red8 29. Rfd1 Kf7 30. h4 Ke6 31. Kh2 Rxd1 32. Rxd1 Ra4 33. Rb1 Ke5
34. Kh3 h5 35. g4 Ra3 36. Rf1 g6 37. gxh5 gxh5 38. Kg2 Ra2+ 39. Kh3 Ra3 40. Kg2
Ra2+ 41. Kh3 Rb2 42. Rc1 Rf2 43. Rc5+ Kd4 44. Rxh5 Rxf3+ 45. Kg4 Kxe4 46. Re5+
Kxe5 47. Kxf3 Kf5 48. h5 Kg5 49. h6 Kxh6 50. Kxf4 b6 51. Ke5 c5 52. bxc5 bxc5
53. Kd5 c4 54. Kxc4 1/2-1/2

[Event "World Rapid 2025"]
[Site "Doha QAT"]
[Date "2025.12.26"]
[Round "4.61"]
[White "Vetokhin, Savva"]
[Black "Ponomariov, Ruslan"]
[Result "1/2-1/2"]
[WhiteTitle "GM"]
[BlackTitle "GM"]
[WhiteElo "2572"]
[BlackElo "2639"]
[WhiteFideId "44144474"]
[BlackFideId "14103320"]
[EventDate "2025.12.26"]
[EventType "rapid"]

1. d4 Nf6 2. c4 e6 3. Nc3 Bb4 4. e3 O-O 5. Bd3 c5 6. Nf3 Nc6 7. dxc5 Bxc5 8. O-O
b6 9. e4 Qc7 10. Qe2 Ng4 11. Nb5 Qb8 12. h3 Nge5 13. Bf4 Bb7 14. Nxe5 Nxe5 15.
a3 Be7 16. Rfd1 a6 17. Nc3 Qc7 18. Rac1 d6 19. Be3 Rac8 20. Na4 Nd7 21. b4 Qc6
22. Nc3 Ne5 23. b5 Qc7 24. Na4 Nd7 25. c5 Nxc5 26. bxa6 Bc6 27. Nxc5 bxc5 28. e5
Bd5 29. exd6 Bxd6 30. Bb5 c4 31. a4 Bh2+ 32. Kh1 Be5 33. Bd4 Bxd4 34. Rxd4 Qc5
35. Qe3 Rc7 36. Rc3 Rfc8 37. Kg1 Qb4 38. Rd1 h6 39. Rdc1 Kf8 40. Qd4 Qc5 41.
Qxc5+ Rxc5 42. a7 Ra8 1/2-1/2

[Event "World Rapid 2025"]
[Site "Doha QAT"]
[Date "2025.12.26"]
[Round "4.62"]
[White "Martirosyan, Haik M."]
[Black "Aditya, Mittal"]
[Result "1/2-1/2"]
[WhiteTitle "GM"]
[BlackTitle "GM"]
[WhiteElo "2625"]
[BlackElo "2624"]
[WhiteFideId "13306553"]
[BlackFideId "35042025"]
[EventDate "2025.12.26"]
[EventType "rapid"]

1. d4 d5 2. c4 e6 3. Nf3 Nf6 4. Nc3 c5 5. cxd5 cxd4 6. Qxd4 exd5 7. Bg5 Be7 8.
e3 O-O 9. Rd1 Be6 10. Bd3 h6 11. Bh4 Qa5 12. Bb1 Qa6 13. Qd3 Qxd3 14. Bxd3 Nc6
15. h3 g5 16. Bg3 Ne4 17. Nxe4 dxe4 18. Bxe4 Bb4+ 19. Ke2 Bc4+ 20. Bd3 Bxa2 21.
h4 g4 22. Ne5 Nxe5 23. Bxe5 Rfe8 24. Bf4 Bf8 25. f3 Be6 26. Kf2 Rac8 27. Kg3 h5
28. Ra1 Bc5 29. Be4 Re7 30. Rhd1 f5 31. Bd5 Kf7 32. fxg4 fxg4 33. Rac1 a5 34.
Bxe6+ Kxe6 35. e4 Rf7 36. Rd5 Bf2+ 37. Kh2 Rxc1 38. Bxc1 Bxh4 39. Rxa5 Rf1 40.
Rxh5 Bf6 41. Be3 Be5+ 42. g3 Re1 43. Bf4 Re2+ 44. Kg1 Bxf4 45. gxf4 Rxe4 46. Rb5 1/2-1/2

[Event "World Rapid 2025"]
[Site "Doha QAT"]
[Date "2025.12.26"]
[Round "4.63"]
[White "Tsaruk, Maksim"]
[Black "Alekseenko, Kirill"]
[Result "0-1"]
[WhiteTitle "GM"]
[BlackTitle "GM"]
[WhiteElo "2515"]
[BlackElo "2659"]
[WhiteFideId "13511173"]
[BlackFideId "4135539"]
[EventDate "2025.12.26"]
[EventType "rapid"]

1. e4 e5 2. Bc4 Nf6 3. Nc3 Nc6 4. d3 Bc5 5. Nf3 a6 6. O-O d6 7. Nd5 Nxd5 8. Bxd5
O-O 9. c3 Bb6 10. h3 h6 11. d4 exd4 12. Nxd4 Nxd4 13. cxd4 Kh8 14. Be3 c6 15.
Bb3 f5 16. exf5 Bxf5 17. Bc2 Qd7 18. Bxf5 Rxf5 19. Qg4 Raf8 20. Rae1 Qf7 21. b3
Qd5 22. Re2 Kh7 23. h4 R8f6 24. Rd1 Rg6 25. Qh3 Bd8 26. Rd3 Bxh4 27. Bd2 Bf6 28.
Bc3 Rf4 29. Re8 Rfg4 30. Rf3 Rxg2+ 31. Kf1 Qb5+ 32. Ke1 Rg1+ 33. Kd2 Qg5+ 34.
Kd3 Rd1+ 35. Ke2 Qg1 36. Rfe3 Bxd4 37. Qc8 Qf1+ 38. Kf3 Rf6+ 39. Kg4 Qg2+ 40.
Rg3 Rg6+ 0-1

[Event "World Rapid 2025"]
[Site "Doha QAT"]
[Date "2025.12.26"]
[Round "4.64"]
[White "Erdogmus, Yagiz Kaan"]
[Black "Naiditsch, Arkadij"]
[Result "1-0"]
[WhiteTitle "GM"]
[BlackTitle "GM"]
[WhiteElo "2658"]
[BlackElo "2574"]
[WhiteFideId "44599790"]
[BlackFideId "4650891"]
[EventDate "2025.12.26"]
[EventType "rapid"]

1. e4 c5 2. Nf3 d6 3. Bb5+ Bd7 4. Bxd7+ Qxd7 5. c4 Nf6 6. Nc3 g6 7. d4 cxd4 8.
Nxd4 Bg7 9. f3 O-O 10. Be3 Rc8 11. b3 e6 12. Rc1 d5 13. e5 Ne8 14. cxd5 exd5 15.
f4 Nc6 16. O-O Nc7 17. Nxc6 bxc6 18. Ne4 Rd8 19. Nc5 Qc8 20. Bd4 Ne6 21. Nxe6
Qxe6 22. g4 Rac8 23. b4 Bf8 24. f5 Qe8 25. Qe1 Rd7 26. e6 Rb7 27. Qe5 f6 28. Qe2
Rxb4 29. Bxf6 h5 30. e7 Rxg4+ 31. Kh1 Bh6 32. Qe6+ Kh7 33. Rce1 Rc7 34. Qd6 Rc8
35. Qe6 Rc7 36. Ba1 d4 1-0

[Event "World Rapid 2025"]
[Site "Doha QAT"]
[Date "2025.12.26"]
[Round "4.65"]
[White "Paravyan, David"]
[Black "Davtyan, Artur"]
[Result "1-0"]
[WhiteTitle "GM"]
[BlackTitle "IM"]
[WhiteElo "2582"]
[BlackElo "2474"]
[WhiteFideId "4194985"]
[BlackFideId "13308327"]
[EventDate "2025.12.26"]
[EventType "rapid"]

1. e4 e5 2. Nf3 Nc6 3. Bc4 Nf6 4. d3 Bc5 5. a4 O-O 6. O-O a5 7. Be3 Bxe3 8. fxe3
d6 9. Nbd2 Ne7 10. Qe1 Ng6 11. Qg3 Be6 12. Bxe6 fxe6 13. h4 Qe7 14. Qh3 h5 15.
Nh2 Nh7 16. Ndf3 Rf7 17. g4 hxg4 18. Qxg4 Nh8 19. Kh1 Raf8 20. Rg1 Rf6 21. Qh3
Rh6 22. Rg3 Rh5 23. Rag1 Rf7 24. Kg2 Kf8 25. b3 b6 26. Rg4 Ke8 27. Kf1 Kd8 28.
Ke2 g6 29. Kd2 Kc8 30. Kc1 Kb8 31. Kb2 Rf6 32. Qg2 Qf8 33. Rg3 Qe8 34. Ng4 Rf8
35. d4 exd4 36. exd4 e5 37. dxe5 dxe5 38. Qd2 Nf6 39. Nf2 Qc6 40. Rg5 Nxe4 41.
Nxe4 Rxf3 42. Rxh5 gxh5 43. Rg8+ Ka7 44. Ng5 Rg3 45. Rxh8 e4 46. Qd4 e3 47. Qd8
e2 48. Qb8+ Ka6 49. Qa8+ Qxa8 50. Rxa8+ Kb7 51. Re8 Rg2 52. Nf3 Rf2 53. Ng1 Rf4
54. Nxe2 Rxh4 55. Rh8 Rh2 56. Nd4 Rh1 57. Rh7 Kc8 1-0

[Event "World Rapid 2025"]
[Site "Doha QAT"]
[Date "2025.12.26"]
[Round "4.66"]
[White "Raja, Harshit"]
[Black "Quparadze, Giga"]
[Result "0-1"]
[WhiteTitle "GM"]
[BlackTitle "GM"]
[WhiteElo "2472"]
[BlackElo "2502"]
[WhiteFideId "5089000"]
[BlackFideId "13602250"]
[EventDate "2025.12.26"]
[EventType "rapid"]

1. e4 c5 2. Nf3 e6 3. d4 cxd4 4. Nxd4 a6 5. Bd3 Nf6 6. O-O Qc7 7. Qe2 d6 8. c4
g6 9. Nc3 Bg7 10. Be3 O-O 11. h3 b6 12. Qd2 Bb7 13. Nf3 Nbd7 14. b4 Rac8 15.
Rac1 Qb8 16. Bh6 Rfd8 17. Rfe1 Bxh6 18. Qxh6 Ne5 19. Nxe5 dxe5 20. Qe3 Qd6 21.
Bf1 Qxb4 22. Rb1 Qa5 23. Qxb6 Qxc3 24. Qxb7 Qa5 25. Qe7 Nd7 26. h4 Qc5 27. Qg5
Kg7 28. Rb3 h6 29. Qe3 Qxe3 30. Rbxe3 Nc5 31. f3 Rb8 32. Ra3 Kf6 33. Ra5 Rdc8
34. Kf2 Ke7 35. Ra3 Rd8 36. Ke3 f5 37. exf5 exf5 38. Ra5 Rbc8 39. g3 Kf6 40. Rb1
Rd6 41. Be2 g5 42. hxg5+ hxg5 43. Rb2 f4+ 44. Kf2 Ke7 45. Bf1 Rh6 46. Rd2 e4 47.
Rd5 e3+ 48. Ke1 Ne6 49. Rxa6 Rb8 50. gxf4 Rb1+ 51. Rd1 Rxd1+ 52. Kxd1 gxf4 53.
c5 Rh1 54. Ke2 Nd4+ 0-1

[Event "World Rapid 2025"]
[Site "Doha QAT"]
[Date "2025.12.26"]
[Round "4.67"]
[White "Idani, Pouya"]
[Black "Sapenov, Daniyal"]
[Result "1-0"]
[WhiteTitle "GM"]
[BlackTitle "IM"]
[WhiteElo "2611"]
[BlackElo "2440"]
[WhiteFideId "12510130"]
[BlackFideId "13728911"]
[EventDate "2025.12.26"]
[EventType "rapid"]

1. e4 e5 2. Nf3 Nc6 3. Bb5 a6 4. Ba4 Nf6 5. O-O Be7 6. Bxc6 dxc6 7. Re1 Nd7 8.
d4 exd4 9. Qxd4 O-O 10. Bf4 Nc5 11. Qe3 Ne6 12. Bg3 Bc5 13. Qc3 a5 14. Nbd2 b6
15. a3 Qe8 16. Nb3 Be7 17. Nbd4 c5 18. Nxe6 Bxe6 19. Bxc7 Qb5 20. Rad1 Rfc8 21.
Be5 f6 22. Bd6 Bd8 23. Nh4 Ra7 24. f4 Bg4 25. Rd2 Rd7 26. Qg3 Bh5 27. e5 fxe5
28. fxe5 Qc4 29. Nf5 Qe6 30. Rf2 Bc7 31. Bxc7 Rdxc7 32. Qh3 Bf7 33. Qg4 Be8 34.
h3 Bc6 35. Qg3 Rf8 36. Ref1 Rcf7 37. Qxg7+ 1-0

[Event "World Rapid 2025"]
[Site "Doha QAT"]
[Date "2025.12.26"]
[Round "4.68"]
[White "Pranav, Anand"]
[Black "Ibarra Jerez, Jose Carlos"]
[Result "1/2-1/2"]
[WhiteTitle "GM"]
[BlackTitle "GM"]
[WhiteElo "2591"]
[BlackElo "2532"]
[WhiteFideId "46626786"]
[BlackFideId "2226332"]
[EventDate "2025.12.26"]
[EventType "rapid"]

1. e4 c5 2. Nf3 Nc6 3. Bb5 e6 4. Bxc6 bxc6 5. d3 Qc7 6. Nc3 Ne7 7. h4 e5 8. h5
h6 9. b3 d6 10. Nh2 Be6 11. Bb2 Ng8 12. Ng4 Nf6 13. Nxf6+ gxf6 14. g4 O-O-O 15.
f3 d5 16. Qe2 c4 17. dxc4 dxc4 18. O-O Qa5 19. Rad1 Bb4 20. Na4 Rxd1 21. Rxd1
Rd8 22. Bc1 Bf8 23. Be3 c5 24. Rxd8+ Kxd8 25. Qf2 cxb3 26. axb3 c4 27. Bxa7 Ke8
28. Qe3 cxb3 29. cxb3 Qb4 30. Nc5 Bxc5 31. Bxc5 Qxb3 32. Qf2 Qb1+ 33. Kg2 Qa2
34. Qxa2 Bxa2 35. Be3 Kf8 36. Bxh6+ Kg8 37. Kg3 Bb3 38. Be3 Kg7 39. Bc5 Bc2 40.
Be7 Bd1 41. h6+ Kxh6 42. Bxf6 Kg6 43. Bxe5 f6 44. Bd4 Be2 45. Kf4 Bd1 46. Bb6
Kf7 47. Bd8 Kg6 48. Kg3 Bc2 49. Kf2 Bd1 50. Bb6 Kf7 51. Ba5 Bc2 52. Kg3 Kg6 53.
Bc3 Bd3 54. Kh4 Bc2 55. Ba5 Bd3 56. Bc7 Bc2 57. e5 fxe5 58. Bxe5 Ba4 59. f4 Bd7
60. Kg3 Bc8 61. Kf3 Bd7 62. f5+ Bxf5 63. gxf5+ 1/2-1/2

[Event "World Rapid 2025"]
[Site "Doha QAT"]
[Date "2025.12.26"]
[Round "4.69"]
[White "Indjic, Aleksandar"]
[Black "Nikitenko, Mihail"]
[Result "1-0"]
[WhiteTitle "GM"]
[BlackTitle "GM"]
[WhiteElo "2635"]
[BlackElo "2476"]
[WhiteFideId "911925"]
[BlackFideId "13506862"]
[EventDate "2025.12.26"]
[EventType "rapid"]

1. Nf3 Nf6 2. c4 e6 3. Nc3 d5 4. d4 c6 5. Qd3 Nbd7 6. Bf4 Be7 7. g4 h6 8. Rg1
Qa5 9. Bd2 Qa6 10. Qc2 dxc4 11. e4 b5 12. h4 Nb6 13. g5 hxg5 14. Nxg5 b4 15. Nd1
Rxh4 16. e5 Nfd5 17. Nxf7 Qa4 18. Qg6 Kd7 19. Nd6 Rxd4 20. Bg5 Kc7 21. Bxe7 Nxe7
22. Qxg7 Qc2 23. Qxe7+ Bd7 24. Nb5+ cxb5 25. Qc5+ Bc6 26. Qxd4 Rd8 27. Rg7+ Kc8
28. Ne3 1-0

[Event "World Rapid 2025"]
[Site "Doha QAT"]
[Date "2025.12.26"]
[Round "4.70"]
[White "Ganguly, Surya Shekhar"]
[Black "Stribuk, Artiom"]
[Result "1-0"]
[WhiteTitle "GM"]
[BlackTitle "IM"]
[WhiteElo "2568"]
[BlackElo "2476"]
[WhiteFideId "5002150"]
[BlackFideId "13515659"]
[EventDate "2025.12.26"]
[EventType "rapid"]

1. e4 c5 2. Nf3 d6 3. d4 cxd4 4. Nxd4 Nf6 5. Nc3 Nc6 6. Bg5 e6 7. Qd2 a6 8.
O-O-O Bd7 9. Kb1 Be7 10. f3 Nxd4 11. Qxd4 Qc7 12. Qd2 b5 13. Ne2 Rc8 14. Nd4 O-O
15. g4 e5 16. Nf5 Bxf5 17. exf5 Ne4 18. fxe4 Bxg5 19. Qg2 Qb6 20. h4 Be3 21. Rh3
Bd4 22. f6 Rc7 23. Qd2 d5 24. fxg7 Rd8 25. exd5 b4 26. Qg2 a5 27. Bd3 a4 28. g5
b3 29. cxb3 axb3 30. axb3 Ra8 31. Qe4 Qg6 32. d6 1-0

[Event "World Rapid 2025"]
[Site "Doha QAT"]
[Date "2025.12.26"]
[Round "4.71"]
[White "Shogdzhiev, Roman"]
[Black "Maksimovic, Bojan"]
[Result "1/2-1/2"]
[WhiteTitle "IM"]
[BlackTitle "GM"]
[WhiteElo "2403"]
[BlackElo "2533"]
[WhiteFideId "55653537"]
[BlackFideId "14408120"]
[EventDate "2025.12.26"]
[EventType "rapid"]

1. e4 c5 2. Nf3 e6 3. d4 cxd4 4. Nxd4 Nc6 5. Nc3 Bc5 6. Nb3 Bb4 7. Qg4 Nf6 8.
Qxg7 Rg8 9. Qh6 Rg6 10. Qh4 a5 11. a3 Be7 12. Be2 a4 13. Nd2 Rxg2 14. Qh3 Rg6
15. Nf3 Ra5 16. Bd2 Qb6 17. O-O-O Qxf2 18. Nh4 Rg7 19. Be3 Nxe4 20. Bxf2 Nxf2
21. Qf3 Nxd1 22. Rxd1 Bxh4 23. Nb5 Be7 24. Qc3 Rg8 25. Qd3 Rg5 26. Nd6+ Bxd6 27.
Qxd6 Rac5 28. h4 Rge5 29. Bf3 Ne7 30. Bxb7 Nf5 31. Qb8 Ne3 32. Bxc8 Nxd1 33.
Ba6+ Ke7 34. Kxd1 Re4 35. Qg3 h5 36. Bd3 Rg4 37. Qe3 Rd5 38. Qe1 Rdd4 39. Qa5
Rxh4 40. Qg5+ Ke8 41. Qg8+ Ke7 42. Qg5+ Ke8 43. Kd2 Rdg4 44. Qe5 Rh3 45. Qc5 h4
46. Qc8+ Ke7 47. Qc5+ Ke8 48. Qc8+ Ke7 49. Qc5+ 1/2-1/2

[Event "World Rapid 2025"]
[Site "Doha QAT"]
[Date "2025.12.26"]
[Round "4.72"]
[White "Yakubboev, Nodirbek"]
[Black "Averin, Nikolay"]
[Result "0-1"]
[WhiteTitle "GM"]
[BlackTitle "FM"]
[WhiteElo "2691"]
[BlackElo "2389"]
[WhiteFideId "14203987"]
[BlackFideId "24250473"]
[EventDate "2025.12.26"]
[EventType "rapid"]

1. c4 e6 2. g3 d5 3. Bg2 dxc4 4. Qa4+ Nd7 5. Qxc4 a6 6. Qc2 c5 7. Nf3 Ngf6 8.
O-O b5 9. Nc3 Bb7 10. a4 b4 11. Nd1 Be7 12. b3 O-O 13. Bb2 Rc8 14. d3 Nd5 15. e4
N5b6 16. Ne3 a5 17. Nc4 Nxc4 18. dxc4 Qc7 19. Rfe1 Rfd8 20. e5 Nb8 21. h4 Rd7
22. Re3 Rcd8 23. Rae1 h6 24. Bf1 Bxf3 25. Rxf3 Rd2 26. Qb1 Qd7 27. Bc1 Rd4 28.
Rfe3 Nc6 29. Be2 g6 30. h5 g5 31. Kh2 Bf8 32. f4 Bg7 33. Rf3 Qe7 34. Be3 R4d7
35. Ref1 Nd4 36. fxg5 Nxf3+ 37. Rxf3 Rd2 38. Qe1 Ra2 39. gxh6 Bxe5 40. Kh3 f5
41. Bf1 Kh7 42. Bc1 Qf7 43. Be2 0-1

[Event "World Rapid 2025"]
[Site "Doha QAT"]
[Date "2025.12.26"]
[Round "4.73"]
[White "Bai, Adelard"]
[Black "Volokitin, Andrei"]
[Result "0-1"]
[WhiteTitle "IM"]
[BlackTitle "GM"]
[WhiteElo "2417"]
[BlackElo "2619"]
[WhiteFideId "16301188"]
[BlackFideId "14107090"]
[EventDate "2025.12.26"]
[EventType "rapid"]

1. d4 Nf6 2. Nc3 d5 3. Bf4 e6 4. Nb5 Na6 5. e3 c6 6. Nc3 Bb4 7. a3 Bxc3+ 8. bxc3
Qa5 9. Ne2 c5 10. Be5 Bd7 11. f3 Bb5 12. Kf2 O-O 13. Rb1 Nd7 14. Bg3 Nb6 15.
dxc5 Nxc5 16. h4 Bxe2 17. Bxe2 Qxc3 18. h5 h6 19. Rh4 Rac8 20. Rd4 Nca4 21. Rbb4
Qxa3 22. Rg4 f5 23. Rb3 Qa2 24. Rg6 Rxc2 25. Be5 Rf7 26. Rb1 Rxe2+ 27. Qxe2 Qxb1
28. Rxe6 Nc5 29. Re8+ Kh7 30. Kg3 Nd3 31. Bc3 Rc7 32. Ba5 Rc2 33. Bd2 Ra2 34. e4
f4+ 35. Kg4 Nd7 36. exd5 Nf6+ 37. Kh3 Qh1# 0-1